Operaciones bancarias
Guardado en:
| Autor principal: | |
|---|---|
| Formato: | Libro |
| Lenguaje: | español |
| Publicado: |
Madrid
Instituto Bancario
1969
|
| Edición: | 4a. ed |
| Materias: | |
| Etiquetas: |
Agregar Etiqueta
Sin Etiquetas, Sea el primero en etiquetar este registro!
|
MARC
| LEADER | 00000nam a2200000 a 4500 | ||
|---|---|---|---|
| 001 | UCT7742 | ||
| 003 | CL-VaPUC | ||
| 008 | 970317e19690000SP |||||||||||||||||spa|d | ||
| 082 | 0 | 4 | |a 332.17 |b GIM |2 21 |
| 100 | 0 | |a Gimeno Tuset, Juan J |e author |9 378808 | |
| 245 | 1 | 0 | |a Operaciones bancarias |
| 250 | |a 4a. ed | ||
| 300 | |a 217 p | ||
| 942 | |c BK | ||
| 945 | |d 19970317 00:00:00 |a nastorga | ||
| 260 | |a Madrid |b Instituto Bancario |c 1969 | ||
| 650 | 0 | |a Operaciones bancarias |9 337857 | |
| 650 | 7 | |a CREDITOS |2 CL-VaPUC |9 378809 | |
| 650 | 0 | |a Depósitos |9 364423 | |
| 650 | 7 | |a CUENTAS CORRIENTES |2 CL-VaPUC |9 255381 | |
| 650 | 0 | |a Ahorro |9 351157 | |
| 650 | 7 | |a GIROS |2 CL-VaPUC |9 371890 | |
| 650 | 0 | |a Finanzas |9 260832 | |
| 583 | |a last modification |c 19970317 00:00:00 |k Rodrigo Vera | ||
| 999 | |c 256290 |d 256288 | ||
| 952 | |0 0 |1 0 |4 0 |6 332_170000000000000_GIM_1969 |7 0 |8 P |9 278952 |a BIBDER |b BIBDER |d 2019-11-19 |i 1810278 |o 332.17 GIM 1969 |p 1810278 |r 2023-01-25 |w 2019-11-19 |y BK |k DER | ||